000 01038nam a2200301 a 4500
001 000110418
003 CHAP
005 20220329144131.0
008 140826s2006 mx a |rm |0|||||spa d
010 _a106880
011 _a107852
040 _cCHAP
090 _aTesis
100 1 _aSambola Civit, Jana
_9127927
245 1 0 _aEstudio de las condiciones económicas, sociales y ambientales de El Palmar (Metztitlán, Hidalgo), para lograr un desarrollo sustentable de la comunidad /
_cpor Jana Sambola Civit.
260 _aChapingo, Méx. :
_bEl autor,
_c2006.
300 _avii, 141 h. :
_bil.
502 _aTesis (Ing. Agr. ESp. en Suelos) -- UACH. Departamento de Suelos
590 _aE6096MTM
_b05
_c20140826
_lUCH01
_h1421
650 1 4 _aComunidades rurales.
_926254
650 1 4 _aDesarrollo sustentable
_zHidalgo.
_932102
650 1 4 _aHidalgo
_xCondiciones sociales.
_955171
650 1 4 _aMedio ambiente.
_974065
650 1 4 _zHidalgo
_xCondiciones económicas.
_9124373
901 _aBK
942 _cTESIS
942 _n0
999 _c106880
_d106880